header

Tyre recycling (Record no. 37135)

MARC details
000 -LEADER
fixed length control field 01430nam a2200385 a 4500
100 1# - MAIN ENTRY--AUTHOR NAME
Personal name Shulman, Valerie L.
245 10 - TITLE STATEMENT
Title Tyre recycling
260 ## - PUBLICATION, DISTRIBUTION, ETC. (IMPRINT)
Place of publication Shrewsbury, U.K. :
Name of publisher Rapra Technology,
Year of publication 2004.
300 ## - PHYSICAL DESCRIPTION
Number of Pages 134 p. :
Other physical details ill.
490 1# - SERIES STATEMENT
Series statement Rapra review reports,
Series statement Report ;
650 #0 - SUBJECT ADDED ENTRY--TOPICAL TERM
Topical Term Rubber.
Topical Term Rubber
Topical Term Tires
Topical Term Rubber, Reclaimed.
856 40 - ELECTRONIC LOCATION AND ACCESS
Uniform Resource Identifier http://site.ebrary.com/lib/rucke/Doc?id=10236872

No items available.

© 2026 Rongo University
Contact us: librarian | system librarian | Rongo university